[Event "AUT-ch 2018"]
[Site "Vienna"]
[Date "2018.07.24"]
[Round "4"]
[White "Toelly, Michael"]
[Black "Gutmann, Alois"]
[Result "1-0"]
[WhiteElo "2127"]
[BlackElo "2062"]
[Annotator "NA"]
[PlyCount "59"]
[EventDate "2018.07.22"]
[EventType "swiss"]
[EventCountry "AUT"]
[SourceTitle "playchess.com"]
[Source "ChessBase"]
[SourceQuality "1"]
[TimeControl "40/5400+30:1800+30"]

1. c4 {[%emt 0:00:00]} f5 {[%emt 0:00:47]} 2. d4 {[%emt 0:00:00]} Nf6 {[%emt 0:00:30]} 3. g3 {[%emt 0:00:07]} g6 {[%emt 0:00:38]} 4. Bg2 {[%emt 0:00:03]} Bg7 {[%emt 0:00:07]} 5. Nf3 {[%emt 0:00:17]} d6 {[%emt 0:01:24]} 6. Nc3 {[%emt 0:00:17]} O-O {[%emt 0:01:13]} 7. O-O {[%emt 0:00:04]} Qe8 {[%emt 0:05:11]} 8. d5 {[%emt 0:08:15]} e5 {[%emt 0:10:02]} 9. dxe6 {[%emt 0:00:34]} Bxe6 {[%emt 0:02:01]} 10. Nd4 {[%emt 0:03:26]} Bc8 {[%emt 0:02:18]} 11. Bf4 {[%emt 0:20:43]} Na6 {[%emt 0:02:57]} 12. Ndb5 {[%emt 0:01:59]} Kh8 {[%emt 0:02:37]} 13. c5 {[%emt 0:05:20]} g5 {[%emt 0:22:58]} 14. Bxg5 {[%emt 0:02:26]} dxc5 {[%emt 0:00:06]} 15. Qd2 {[%emt 0:09:50]} Ne4 {[%emt 0:07:30]} 16. Nxe4 {[%emt 0:06:30]} Qxb5 {[%emt 0:01:35]} 17. Be7 {[%emt 0:02:02]} fxe4 {[%emt 0:14:04]} 18. Bxf8 {[%emt 0:00:07]} Bxf8 {[%emt 0:00:29]} 19. Qd8 {[%emt 0:00:16]} Kg7 {[%emt 0:05:55]} 20. Qg5+ {[%emt 0:06:21]} Kf7 {[%emt 0:00:23]} 21. Bxe4 {[%emt 0:00:07]} Be6 {[%emt 0:02:44]} 22. Bxh7 {[%emt 0:00:54]} Ke8 {[%emt 0:02:51]} 23. Rad1 {[%emt 0:03:56]} Bd6 {[%emt 0:01:52]} 24. Qg7 {[%emt 0:01:08]} Rb8 {[%emt 0:00:37]} 25. e4 {[%emt 0:00:54]} Bf7 {[%emt 0:02:38]} 26. Rfe1 {[%emt 0:02:14]} c4 {[%emt 0:01:21]} 27. e5 {[%emt 0:03:01]} Bf8 {[%emt 0:00:04]} 28. Qg4 {[%emt 0:00:18]} Nb4 {[%emt 0:02:48]} 29. e6 {[%emt 0:00:50]} Bh5 {[%emt 0:00:05]} 30. Bg6+ {[%emt 0:00:21]} 1-0

[Event "AUT-ch 2018"]
[Site "Vienna"]
[Date "2018.07.24"]
[Round "4"]
[White "Hupfer, Robert"]
[Black "Niedersberger, Andreas"]
[Result "1/2-1/2"]
[WhiteElo "2122"]
[BlackElo "2058"]
[Annotator "NA"]
[PlyCount "63"]
[EventDate "2018.07.22"]
[EventType "swiss"]
[EventCountry "AUT"]
[SourceTitle "playchess.com"]
[Source "ChessBase"]
[SourceQuality "1"]
[TimeControl "40/5400+30:1800+30"]

1. d4 {[%emt 0:00:00]} d5 {[%emt 0:00:30]} 2. c4 {[%emt 0:00:30]} c6 {[%emt 0:00:30]} 3. e3 {[%emt 0:00:30]} Nf6 {[%emt 0:00:30]} 4. Nc3 {[%emt 0:00:00]} e6 {[%emt 0:00:00]} 5. Nf3 {[%emt 0:00:00]} Nbd7 {[%emt 0:00:00]} 6. Bd3 {[%emt 0:00:08]} dxc4 {[%emt 0:00:00]} 7. Bxc4 {[%emt 0:00:03]} b5 {[%emt 0:00:00]} 8. Bd3 {[%emt 0:00:03]} Bb7 {[%emt 0:00:00]} 9. O-O {[%emt 0:00:15]} b4 {[%emt 0:00:00]} 10. Ne4 {[%emt 0:04:13]} c5 {[%emt 0:02:42]} 11. Nxf6+ {[%emt 0:13:17]} Qxf6 {[%emt 0:01:09]} 12. Ne5 {[%emt 0:06:17]} cxd4 {[%emt 0:11:43]} 13. Nxd7 {[%emt 0:09:11]} Kxd7 {[%emt 0:00:04]} 14. Qa4+ {[%emt 0:05:48]} Bc6 {[%emt 0:02:33]} 15. Bb5 {[%emt 0:00:12]} e5 {[%emt 0:00:39]} 16. exd4 {[%emt 0:03:40]} exd4 {[%emt 0:01:05]} 17. Rd1 {[%emt 0:04:48]} Bc5 {[%emt 0:04:20]} 18. Be3 {[%emt 0:12:16]} Qg6 {[%emt 0:28:21]} 19. Bxc6+ {[%emt 0:05:56]} Qxc6 {[%emt 0:00:12]} 20. Qb3 {[%emt 0:05:32]} Ke7 {[%emt 0:03:19]} 21. Bxd4 {[%emt 0:01:55]} Bxd4 {[%emt 0:05:25]} 22. Rxd4 {[%emt 0:00:05]} a5 {[%emt 0:02:19]} 23. Re1+ {[%emt 0:08:30]} Kf8 {[%emt 0:00:11]} 24. Qd3 {[%emt 0:04:07]} g6 {[%emt 0:03:37]} 25. Rd6 {[%emt 0:02:52]} Qc5 26. Rd5 Qb6 {[%emt 0:02:04]} 27. Rb5 {[%emt 0:03:40]} Qf6 {[%emt 0:03:25]} 28. Qd5 Kg7 {[%emt 0:01:55]} 29. g3 {[%emt 0:08:23]} Rhd8 {[%emt 0:01:43]} 30. Qe5 {[%emt 0:00:52]} Qxe5 {[%emt 0:00:42]} 31. Rexe5 Rd2 32. Rxa5 1/2-1/2

[Event "AUT-ch 2018"]
[Site "Vienna"]
[Date "2018.07.24"]
[Round "4"]
[White "Zojer, Stefan"]
[Black "Newrkla, Katharina"]
[Result "0-1"]
[WhiteElo "2108"]
[BlackElo "2175"]
[Annotator "NA"]
[PlyCount "76"]
[EventDate "2018.07.22"]
[EventType "swiss"]
[EventCountry "AUT"]
[SourceTitle "playchess.com"]
[Source "ChessBase"]
[SourceQuality "1"]
[TimeControl "40/5400+30:1800+30"]

1. d4 {[%emt 0:00:00]} Nf6 {[%emt 0:00:06]} 2. Nf3 {[%emt 0:00:00]} c5 {[%emt 0:00:18]} 3. e3 {[%emt 0:00:05]} g6 {[%emt 0:00:22]} 4. dxc5 {[%emt 0:01:43]} Qa5+ {[%emt 0:00:36]} 5. Nbd2 {[%emt 0:00:18]} Bg7 {[%emt 0:05:26]} 6. a3 {[%emt 0:03:12]} Qxc5 {[%emt 0:00:56]} 7. c4 {[%emt 0:00:42]} Qc7 {[%emt 0:02:42]} 8. Be2 {[%emt 0:02:23]} d6 {[%emt 0:03:19]} 9. O-O {[%emt 0:00:18]} O-O {[%emt 0:00:47]} 10. Nd4 {[%emt 0:02:28]} a6 {[%emt 0:06:41]} 11. b4 {[%emt 0:05:42]} Nc6 {[%emt 0:03:44]} 12. Bb2 {[%emt 0:02:36]} Bd7 {[%emt 0:04:52]} 13. Rc1 {[%emt 0:05:04]} Rfc8 {[%emt 0:13:04]} 14. Nb1 {[%emt 0:13:40]} Qd8 {[%emt 0:03:35]} 15. Nc3 {[%emt 0:04:13]} h5 {[%emt 0:11:00]} 16. Qb3 {[%emt 0:04:48]} Bg4 {[%emt 0:05:07]} 17. Nf3 {[%emt 0:06:47]} e5 {[%emt 0:17:21]} 18. h3 {[%emt 0:06:06]} Bf5 {[%emt 0:00:33]} 19. Rfd1 {[%emt 0:05:46]} Qe7 {[%emt 0:01:07]} 20. Na4 {[%emt 0:03:50]} Nd7 {[%emt 0:02:16]} 21. Rd2 {[%emt 0:05:07]} e4 {[%emt 0:02:13]} 22. Nd4 {[%emt 0:03:45]} Nxd4 {[%emt 0:00:27]} 23. Bxd4 {[%emt 0:00:37]} b5 {[%emt 0:05:14]} 24. Nc3 {[%emt 0:04:47]} bxc4 {[%emt 0:00:06]} 25. Bxc4 {[%emt 0:01:00]} Bxd4 {[%emt 0:01:33]} 26. Rxd4 {[%emt 0:01:30]} Ne5 {[%emt 0:01:54]} 27. Rcd1 {[%emt 0:03:36]} Qg5 {[%emt 0:05:24]} 28. Nxe4 {[%emt 0:02:39]} Nf3+ {[%emt 0:00:56]} 29. Kh1 {[%emt 0:02:19]} Nxd4 {[%emt 0:00:13]} 30. Bxf7+ {[%emt 0:01:46]} Kg7 {[%emt 0:00:33]} 31. Qd5 {[%emt 0:01:52]} Qe7 {[%emt 0:01:17]} 32. Qxd4+ {[%emt 0:01:26]} Kxf7 {[%emt 0:00:24]} 33. Nxd6+ {[%emt 0:00:07]} Kg8 {[%emt 0:00:16]} 34. g4 {[%emt 0:00:51]} hxg4 {[%emt 0:01:35]} 35. hxg4 {[%emt 0:00:10]} Qh4+ {[%emt 0:00:41]} 36. Kg2 {[%emt 0:00:42]} Qxg4+ {[%emt 0:00:22]} 37. Qxg4 {[%emt 0:01:44]} Bxg4 {[%emt 0:00:04]} 38. Rd4 {[%emt 0:01:20]} Rd8 {[%emt 0:00:31]} 0-1

[Event "AUT-ch 2018"]
[Site "Vienna"]
[Date "2018.07.24"]
[Round "4"]
[White "Pacher, Simon"]
[Black "Gerhold, Michael"]
[Result "1/2-1/2"]
[WhiteElo "2097"]
[BlackElo "2254"]
[Annotator "NA"]
[PlyCount "78"]
[EventDate "2018.07.22"]
[EventType "swiss"]
[EventCountry "AUT"]
[SourceTitle "playchess.com"]
[Source "ChessBase"]
[SourceQuality "1"]
[TimeControl "40/5400+30:1800+30"]

1. e4 {[%emt 0:00:00]} c5 {[%emt 0:00:02]} 2. Nf3 {[%emt 0:00:26]} e6 {[%emt 0:00:17]} 3. c3 {[%emt 0:00:32]} d5 {[%emt 0:00:06]} 4. exd5 {[%emt 0:00:11]} exd5 {[%emt 0:00:05]} 5. d4 {[%emt 0:01:45]} Nc6 {[%emt 0:00:55]} 6. Be2 {[%emt 0:03:50]} Nf6 {[%emt 0:00:10]} 7. Bg5 {[%emt 0:01:09]} cxd4 {[%emt 0:04:12]} 8. Nxd4 {[%emt 0:02:20]} Bc5 {[%emt 0:02:40]} 9. O-O {[%emt 0:01:06]} O-O {[%emt 0:00:16]} 10. Nb3 {[%emt 0:01:38]} Bb6 {[%emt 0:05:11]} 11. Bxf6 {[%emt 0:13:38]} Qxf6 {[%emt 0:02:55]} 12. Qxd5 {[%emt 0:00:27]} Re8 {[%emt 0:00:45]} 13. Qf3 {[%emt 0:03:45]} Qh6 {[%emt 0:03:01]} 14. N1d2 {[%emt 0:02:00]} Ne5 {[%emt 0:05:53]} 15. Qh5 {[%emt 0:04:10]} Qf6 {[%emt 0:23:16]} 16. Ne4 {[%emt 0:09:05]} Qc6 {[%emt 0:03:38]} 17. Nbd2 {[%emt 0:03:47]} Bd7 {[%emt 0:11:12]} 18. Kh1 {[%emt 0:04:07]} f5 {[%emt 0:07:56]} 19. f4 {[%emt 0:08:22]} fxe4 {[%emt 0:06:43]} 20. fxe5 {[%emt 0:01:13]} g6 {[%emt 0:02:44]} 21. Qg5 {[%emt 0:03:44]} Bc7 {[%emt 0:00:25]} 22. Rf6 {[%emt 0:04:16]} Bd8 {[%emt 0:00:12]} 23. Raf1 {[%emt 0:01:40]} Bxf6 {[%emt 0:00:52]} 24. Rxf6 {[%emt 0:02:14]} Be6 {[%emt 0:04:23]} 25. Bc4 {[%emt 0:06:49]} Qd7 {[%emt 0:04:19]} 26. Nxe4 {[%emt 0:03:23]} Bxc4 {[%emt 0:02:53]} 27. Rxg6+ {[%emt 0:00:11]} hxg6 {[%emt 0:00:11]} 28. Nf6+ {[%emt 0:00:09]} Kg7 {[%emt 0:00:12]} 29. Nxd7 {[%emt 0:00:09]} Rad8 {[%emt 0:00:23]} 30. Qf6+ {[%emt 0:03:20]} Kh6 {[%emt 0:00:50]} 31. Qh4+ {[%emt 0:00:37]} Kg7 {[%emt 0:00:06]} 32. Qf6+ {[%emt 0:00:11]} Kh6 {[%emt 0:00:05]} 33. Qh4+ {[%emt 0:03:50]} Kg7 {[%emt 0:00:05]} 34. Qxc4 {[%emt 0:00:06]} Rxd7 {[%emt 0:00:03]} 35. Qg4 {[%emt 0:01:09]} Rd5 {[%emt 0:02:27]} 36. h3 {[%emt 0:01:20]} Rexe5 {[%emt 0:00:09]} 37. Qb4 {[%emt 0:01:39]} b6 {[%emt 0:01:27]} 38. c4 {[%emt 0:01:13]} Rd1+ {[%emt 0:01:54]} 39. Kh2 {[%emt 0:00:08]} Re2 {[%emt 0:01:30]} 1/2-1/2

[Event "AUT-ch 2018"]
[Site "Vienna"]
[Date "2018.07.24"]
[Round "4"]
[White "Mayrhuber, Nikola"]
[Black "Sadilek, Maximilian"]
[Result "0-1"]
[WhiteElo "2046"]
[BlackElo "2224"]
[Annotator "NA"]
[PlyCount "74"]
[EventDate "2018.07.22"]
[EventType "swiss"]
[EventCountry "AUT"]
[SourceTitle "playchess.com"]
[Source "ChessBase"]
[SourceQuality "1"]
[TimeControl "40/5400+30:1800+30"]

1. d4 {[%emt 0:00:00]} d6 {[%emt 0:00:33]} 2. c4 {[%emt 0:00:01]} g6 {[%emt 0:00:58]} 3. Nf3 {[%emt 0:00:19]} Bg7 {[%emt 0:00:07]} 4. e4 {[%emt 0:00:48]} Nd7 {[%emt 0:11:23]} 5. Nc3 {[%emt 0:00:33]} e5 {[%emt 0:00:17]} 6. Be2 {[%emt 0:00:35]} Ne7 {[%emt 0:01:55]} 7. h4 {[%emt 0:01:03]} h6 {[%emt 0:19:22]} 8. h5 {[%emt 0:00:22]} g5 {[%emt 0:00:19]} 9. d5 {[%emt 0:00:37]} f5 {[%emt 0:03:22]} 10. g4 {[%emt 0:00:43]} fxg4 {[%emt 0:12:27]} 11. Nh2 {[%emt 0:01:28]} Nf6 {[%emt 0:00:18]} 12. Nxg4 {[%emt 0:00:23]} Nxg4 {[%emt 0:08:22]} 13. Bxg4 {[%emt 0:00:06]} O-O {[%emt 0:00:28]} 14. Be3 {[%emt 0:02:36]} c6 {[%emt 0:01:03]} 15. Qe2 {[%emt 0:10:51]} b5 {[%emt 0:16:19]} 16. dxc6 {[%emt 0:09:49]} b4 {[%emt 0:05:34]} 17. Nd5 {[%emt 0:06:18]} Nxc6 {[%emt 0:00:11]} 18. Bxc8 {[%emt 0:02:47]} Rxc8 {[%emt 0:00:24]} 19. O-O-O {[%emt 0:05:41]} Nd4 {[%emt 0:08:37]} 20. Bxd4 {[%emt 0:02:43]} exd4 {[%emt 0:00:08]} 21. b3 {[%emt 0:01:39]} a5 {[%emt 0:00:24]} 22. Qg4 {[%emt 0:01:03]} a4 {[%emt 0:04:29]} 23. Qxc8 {[%emt 0:07:23]} Qxc8 {[%emt 0:01:23]} 24. Ne7+ {[%emt 0:00:06]} Kf7 {[%emt 0:00:05]} 25. Nxc8 {[%emt 0:00:12]} Rxc8 {[%emt 0:00:03]} 26. Kc2 {[%emt 0:06:08]} Ke6 {[%emt 0:00:42]} 27. f4 {[%emt 0:17:58]} gxf4 {[%emt 0:00:05]} 28. Rhg1 {[%emt 0:00:05]} Be5 {[%emt 0:02:04]} 29. Rg6+ {[%emt 0:00:06]} Kd7 {[%emt 0:00:36]} 30. Rxh6 {[%emt 0:00:43]} Ra8 {[%emt 0:01:11]} 31. Rd3 {[%emt 0:13:07]} axb3+ {[%emt 0:00:29]} 32. Rxb3 {[%emt 0:04:09]} Rxa2+ {[%emt 0:00:09]} 33. Kb1 {[%emt 0:00:54]} Rh2 {[%emt 0:00:36]} 34. Rxb4 {[%emt 0:01:19]} d3 {[%emt 0:00:32]} 35. Rh7+ {[%emt 0:00:57]} Kc6 {[%emt 0:00:51]} 36. Rb3 {[%emt 0:01:52]} Rh1+ {[%emt 0:00:09]} 37. Ka2 {[%emt 0:01:49]} Ra1# 0-1

[Event "AUT-ch 2018"]
[Site "Vienna"]
[Date "2018.07.24"]
[Round "4"]
[White "Zanon, Magnus"]
[Black "Morgunov, Marc"]
[Result "0-1"]
[WhiteElo "2022"]
[BlackElo "2362"]
[Annotator "NA"]
[PlyCount "54"]
[EventDate "2018.07.22"]
[EventType "swiss"]
[EventCountry "AUT"]
[SourceTitle "playchess.com"]
[Source "ChessBase"]
[SourceQuality "1"]
[TimeControl "40/5400+30:1800+30"]

1. d4 {[%emt 0:00:00]} Nf6 {[%emt 0:00:12]} 2. Bg5 {[%emt 0:00:00]} Ne4 {[%emt 0:01:25]} 3. Bf4 {[%emt 0:00:00]} d5 {[%emt 0:01:34]} 4. e3 {[%emt 0:01:13]} Nd7 {[%emt 0:01:29]} 5. Bd3 {[%emt 0:01:52]} g5 {[%emt 0:12:19]} 6. Bxe4 {[%emt 0:06:36]} gxf4 {[%emt 0:00:06]} 7. Bxd5 {[%emt 0:03:43]} fxe3 {[%emt 0:00:07]} 8. Bxf7+ {[%emt 0:06:56]} Kxf7 {[%emt 0:00:49]} 9. Qh5+ {[%emt 0:00:13]} Kg8 {[%emt 0:01:59]} 10. Qd5+ {[%emt 0:01:32]} e6 {[%emt 0:01:45]} 11. Qxe6+ {[%emt 0:00:07]} Kg7 {[%emt 0:00:02]} 12. Qg4+ {[%emt 0:04:59]} Kh6 {[%emt 0:00:12]} 13. fxe3 {[%emt 0:07:59]} Rg8 {[%emt 0:01:48]} 14. Qf4+ {[%emt 0:06:17]} Kg7 {[%emt 0:01:53]} 15. Nd2 {[%emt 0:04:19]} Bd6 {[%emt 0:01:35]} 16. Qf2 {[%emt 0:03:03]} Nf6 {[%emt 0:05:47]} 17. O-O-O {[%emt 0:06:14]} Qe7 {[%emt 0:06:00]} 18. Re1 {[%emt 0:04:49]} Ne4 {[%emt 0:01:40]} 19. Nxe4 {[%emt 0:01:04]} Qxe4 {[%emt 0:00:07]} 20. Nf3 {[%emt 0:05:17]} Rf8 {[%emt 0:05:07]} 21. Qh4 {[%emt 0:04:50]} Qxh4 {[%emt 0:00:09]} 22. Nxh4 {[%emt 0:00:02]} Bg4 {[%emt 0:01:35]} 23. h3 {[%emt 0:02:33]} Bd7 {[%emt 0:02:23]} 24. Nf3 {[%emt 0:00:14]} Rae8 {[%emt 0:01:16]} 25. e4 {[%emt 0:01:37]} Bg3 {[%emt 0:00:32]} 26. Re3 {[%emt 0:02:41]} Bf4 {[%emt 0:00:36]} 27. Kd2 {[%emt 0:00:01]} Rxe4 {[%emt 0:00:16]} 0-1

[Event "AUT-ch 2018"]
[Site "Vienna"]
[Date "2018.07.24"]
[Round "4"]
[White "Tauber, Andreas"]
[Black "Knoll, Hermann"]
[Result "0-1"]
[WhiteElo "1993"]
[BlackElo "2338"]
[Annotator "NA"]
[PlyCount "170"]
[EventDate "2018.07.22"]
[EventType "swiss"]
[EventCountry "AUT"]
[SourceTitle "playchess.com"]
[Source "ChessBase"]
[SourceQuality "1"]
[TimeControl "40/5400+30:1800+30"]

1. c4 {[%emt 0:00:00]} Nf6 {[%emt 0:00:42]} 2. g3 {[%emt 0:00:00]} g6 {[%emt 0:00:13]} 3. Bg2 {[%emt 0:00:00]} Bg7 {[%emt 0:00:07]} 4. e4 {[%emt 0:00:08]} d6 {[%emt 0:00:10]} 5. Ne2 {[%emt 0:00:54]} c5 {[%emt 0:00:07]} 6. Nbc3 {[%emt 0:01:29]} Nc6 {[%emt 0:00:06]} 7. d4 {[%emt 0:02:38]} cxd4 {[%emt 0:00:05]} 8. Nxd4 {[%emt 0:01:04]} Bd7 {[%emt 0:00:30]} 9. Nde2 {[%emt 0:06:26]} O-O {[%emt 0:00:58]} 10. O-O {[%emt 0:01:36]} Rc8 {[%emt 0:00:34]} 11. b3 {[%emt 0:07:26]} Re8 {[%emt 0:00:51]} 12. h3 {[%emt 0:01:25]} a6 {[%emt 0:00:33]} 13. Be3 {[%emt 0:03:14]} Na5 {[%emt 0:00:54]} 14. Rc1 {[%emt 0:02:02]} b5 {[%emt 0:00:04]} 15. cxb5 {[%emt 0:01:01]} axb5 {[%emt 0:00:02]} 16. Nd4 {[%emt 0:04:05]} b4 {[%emt 0:02:17]} 17. Nd5 {[%emt 0:02:25]} e5 {[%emt 0:07:25]} 18. Nc2 {[%emt 0:04:37]} Nxd5 {[%emt 0:00:05]} 19. Qxd5 {[%emt 0:01:42]} Be6 {[%emt 0:04:59]} 20. Qd2 {[%emt 0:00:29]} Bxb3 {[%emt 0:00:04]} 21. axb3 {[%emt 0:03:20]} Nxb3 {[%emt 0:00:02]} 22. Qxb4 {[%emt 0:01:52]} Nxc1 {[%emt 0:00:03]} 23. Rxc1 {[%emt 0:00:39]} Rb8 {[%emt 0:07:33]} 24. Qc3 {[%emt 0:11:20]} Qc8 {[%emt 0:01:49]} 25. Qd3 {[%emt 0:10:53]} Qe6 {[%emt 0:00:25]} 26. Rd1 {[%emt 0:03:19]} Rec8 {[%emt 0:00:27]} 27. Ne1 {[%emt 0:01:17]} Bf8 {[%emt 0:00:04]} 28. Kh2 {[%emt 0:02:04]} Qa2 {[%emt 0:05:05]} 29. Nf3 {[%emt 0:04:52]} Rc2 {[%emt 0:02:27]} 30. Qd5 {[%emt 0:03:03]} Qxd5 {[%emt 0:00:12]} 31. Rxd5 {[%emt 0:01:56]} Be7 {[%emt 0:00:52]} 32. g4 {[%emt 0:02:11]} f6 {[%emt 0:00:22]} 33. h4 {[%emt 0:05:26]} Kf7 {[%emt 0:01:09]} 34. Bh3 {[%emt 0:01:29]} Ke6 {[%emt 0:03:43]} 35. h5 {[%emt 0:03:30]} Rb4 {[%emt 0:02:09]} 36. hxg6 {[%emt 0:02:14]} hxg6 {[%emt 0:01:04]} 37. Rd2 {[%emt 0:01:22]} Rcc4 {[%emt 0:05:01]} 38. g5+ {[%emt 0:01:09]} f5 {[%emt 0:01:18]} 39. Nh4 {[%emt 0:00:23]} Rxe4 {[%emt 0:01:30]} 40. Nxg6 {[%emt 0:00:54]} Rxe3 {[%emt 0:38:07]} 41. Bxf5+ {[%emt 0:15:21]} Kxf5 {[%emt 0:00:00]} 42. Nxe7+ {[%emt 0:00:29]} Ke6 {[%emt 0:00:00]} 43. Nd5 {[%emt 0:02:26]} Rh4+ {[%emt 0:00:00]} 44. Kg2 {[%emt 0:00:34]} Rg4+ {[%emt 0:00:00]} 45. Kf1 {[%emt 0:01:00]} Rb3 {[%emt 0:00:00]} 46. Nf6 {[%emt 0:01:04]} Rb1+ {[%emt 0:00:00]} 47. Ke2 {[%emt 0:00:18]} Rgg1 {[%emt 0:00:00]} 48. Ne8 {[%emt 0:00:49]} e4 {[%emt 0:00:00]} 49. Ke3 {[%emt 0:02:14]} Rxg5 {[%emt 0:00:00]} 50. Nxd6 {[%emt 0:01:41]} Re1+ {[%emt 0:00:00]} 51. Kf4 {[%emt 0:00:59]} Re5 {[%emt 0:00:00]} 52. Rd4 {[%emt 0:02:50]} Re2 {[%emt 0:00:00]} 53. Nxe4 {[%emt 0:01:27]} Rf5+ {[%emt 0:00:00]} 54. Kg4 {[%emt 0:00:33]} Rf8 {[%emt 0:00:00]} 55. f4 {[%emt 0:01:36]} Rg2+ {[%emt 0:00:00]} 56. Kf3 {[%emt 0:00:21]} Rg1 {[%emt 0:00:00]} 57. Ke3 {[%emt 0:01:42]} Re1+ {[%emt 0:00:00]} 58. Kd2 {[%emt 0:01:46]} Ra1 {[%emt 0:00:00]} 59. Nc5+ {[%emt 0:00:20]} Kf5 {[%emt 0:00:00]} 60. Nd3 {[%emt 0:00:06]} Ra2+ {[%emt 0:00:00]} 61. Ke3 {[%emt 0:00:44]} Kg4 {[%emt 0:00:00]} 62. Nf2+ {[%emt 0:00:43]} Kh4 {[%emt 0:00:00]} 63. Nd3 {[%emt 0:00:44]} Kg3 {[%emt 0:00:00]} 64. Rd7 {[%emt 0:01:42]} Rg8 {[%emt 0:00:00]} 65. Ke4 {[%emt 0:01:18]} Re2+ {[%emt 0:00:00]} 66. Kd4 {[%emt 0:00:41]} Kf3 {[%emt 0:00:00]} 67. Kd5 {[%emt 0:01:13]} Re3 {[%emt 0:00:06]} 68. Ne5+ {[%emt 0:02:18]} Kxf4 {[%emt 0:00:38]} 69. Rf7+ {[%emt 0:00:06]} Kg3 {[%emt 0:00:22]} 70. Nd7 {[%emt 0:00:50]} Rg5+ {[%emt 0:00:28]} 71. Kd6 {[%emt 0:00:16]} Rg6+ {[%emt 0:00:40]} 72. Kd5 {[%emt 0:00:41]} Ra3 {[%emt 0:00:17]} 73. Kd4 {[%emt 0:00:53]} Ra4+ {[%emt 0:01:12]} 74. Ke5 {[%emt 0:00:34]} Ra5+ {[%emt 0:00:07]} 75. Kd4 {[%emt 0:00:30]} Rg4+ {[%emt 0:00:03]} 76. Ke3 {[%emt 0:00:21]} Ra3+ {[%emt 0:00:05]} 77. Ke2 {[%emt 0:00:34]} Re4+ {[%emt 0:00:07]} 78. Kd2 {[%emt 0:00:38]} Rh4 {[%emt 0:00:22]} 79. Rg7+ {[%emt 0:00:25]} Kf4 {[%emt 0:00:08]} 80. Rf7+ {[%emt 0:00:33]} Kg5 {[%emt 0:00:06]} 81. Kc2 {[%emt 0:00:44]} Rh2+ {[%emt 0:00:08]} 82. Kb1 {[%emt 0:00:07]} Rd3 {[%emt 0:01:20]} 83. Kc1 {[%emt 0:00:34]} Rd5 {[%emt 0:00:16]} 84. Rg7+ {[%emt 0:00:21]} Kf5 {[%emt 0:00:20]} 85. Nb6 {[%emt 0:00:29]} Rc5+ {[%emt 0:00:08]} 0-1

[Event "AUT-ch 2018"]
[Site "Vienna"]
[Date "2018.07.24"]
[Round "4"]
[White "Kersten, Julian"]
[Black "Peyrer, Konstantin"]
[Result "0-1"]
[WhiteElo "1979"]
[BlackElo "2209"]
[Annotator "NA"]
[PlyCount "76"]
[EventDate "2018.07.22"]
[EventType "swiss"]
[EventCountry "AUT"]
[SourceTitle "playchess.com"]
[Source "ChessBase"]
[SourceQuality "1"]
[TimeControl "40/5400+30:1800+30"]

1. d4 {[%emt 0:00:00]} Nf6 {[%emt 0:00:11]} 2. Bg5 {[%emt 0:00:00]} d5 3. Bxf6 {[%emt 0:01:18]} gxf6 {[%emt 0:00:55]} 4. c4 {[%emt 0:00:08]} c6 {[%emt 0:01:12]} 5. g3 {[%emt 0:01:58]} e6 {[%emt 0:01:16]} 6. Bg2 {[%emt 0:01:59]} Nd7 {[%emt 0:02:03]} 7. cxd5 {[%emt 0:00:55]} exd5 {[%emt 0:00:14]} 8. Nf3 {[%emt 0:01:44]} f5 {[%emt 0:00:40]} 9. e3 {[%emt 0:01:37]} Nf6 {[%emt 0:01:25]} 10. O-O {[%emt 0:01:01]} Bd6 {[%emt 0:00:32]} 11. Nc3 {[%emt 0:01:20]} Be6 {[%emt 0:04:54]} 12. a3 {[%emt 0:01:51]} h5 {[%emt 0:01:02]} 13. h4 {[%emt 0:02:31]} Ne4 {[%emt 0:04:26]} 14. Rc1 {[%emt 0:02:14]} Qe7 {[%emt 0:03:13]} 15. Qa4 {[%emt 0:07:21]} O-O {[%emt 0:02:16]} 16. Ne2 {[%emt 0:02:14]} Kh7 {[%emt 0:03:03]} 17. Qd1 {[%emt 0:02:39]} f6 {[%emt 0:05:13]} 18. Ne1 {[%emt 0:05:28]} Bf7 {[%emt 0:04:51]} 19. Nd3 {[%emt 0:02:14]} Rg8 {[%emt 0:04:24]} 20. Kh2 {[%emt 0:10:01]} Rg7 {[%emt 0:08:10]} 21. Nef4 {[%emt 0:03:47]} Kh6 {[%emt 0:08:07]} 22. Qe2 {[%emt 0:13:33]} Rag8 {[%emt 0:07:45]} 23. Bh3 {[%emt 0:10:23]} a6 {[%emt 0:12:48]} 24. Bxf5 {[%emt 0:06:16]} Rxg3 {[%emt 0:00:08]} 25. fxg3 {[%emt 0:01:01]} Nxg3 {[%emt 0:00:06]} 26. Qf3 {[%emt 0:02:32]} Nxf5 {[%emt 0:00:14]} 27. Rg1 {[%emt 0:04:05]} Rxg1 {[%emt 0:01:54]} 28. Rxg1 {[%emt 0:00:24]} Nxe3 {[%emt 0:00:26]} 29. Re1 {[%emt 0:05:38]} Ng4+ {[%emt 0:00:14]} 30. Kh1 {[%emt 0:03:01]} Qd7 {[%emt 0:02:37]} 31. Nf2 {[%emt 0:01:30]} Qf5 {[%emt 0:01:08]} 32. N2d3 {[%emt 0:02:13]} b6 {[%emt 0:03:52]} 33. b4 {[%emt 0:01:33]} Bb8 {[%emt 0:02:10]} 34. Rf1 {[%emt 0:00:25]} Qe4 {[%emt 0:01:51]} 35. Qxe4 {[%emt 0:01:35]} dxe4 {[%emt 0:00:07]} 36. Nb2 {[%emt 0:00:28]} e3 {[%emt 0:01:23]} 37. Kg2 {[%emt 0:01:00]} a5 {[%emt 0:02:06]} 38. Ne2 {[%emt 0:00:00]} Bd5+ 0-1